000 00768nam a22002297a 4500
001 30500
003 UA-OsUOA
005 20220624213910.0
007 ta
008 20041110b un ||||| |||| 00| 0 ukr d
040 _aUA-OsUOA
_brus
_cUA-OsUOA
_dUA-OsUOA
041 _arus
044 _aRU
080 _a82.09(035)
090 _a82.09(035)
_bО-75
245 _aОсновные произведения иностранной художественной литературы. Европа, Америка, Австралия
_bлитературно-библиографический справочник
_cред. Л. А. Гвишиани
260 _aМосква
_bКнига
_c1980
300 _a800 с.
650 7 _2UDC
942 _cBK
_2udc
955 _a0
999 _c316912
_d316912